00706nam a2200169 a 4500003000200000005001700002008004100019050003200060100003600092245011600128260009000244300004000334504004100374650004000415650004400455650003700499020250505151422.0080527s19uu xx 00 eng d aPHS BF 697.5.S43b.L44 2005 aLegacion, Gladys Dianne Palmer. aA Comparative study on the self-esteem of winners and losers in beauty contets /cGladys Diane Palmer Legacion. aLas Piñas City, Philippines :bSouthville International School and Colleges,c2005. a50 pages :billustrations ;c28 cm. aIncludes bibliographical references. aSelf-esteemxPsychological aspects. aBeauty contestsxPsychological aspects. aWinners and losers (Psychology).